000 00804nmm a2200277 a 4500
003 AR-BaBNM
005 20251128211744.0
008 186020s2001 ||||||||||||||000 | spa||
020 _a950-01-0756-2
040 _cAR-BaBNM
100 1 _aAragone, Valeria
245 1 0 _aAprender a vivir en comunidad
_bEncíclica Centesimus Annus : comentarios y actividades para los estudiantes
260 _aBuenos Aires
_bAngel Estrada
_c2001
300 0 _a95 p.
650 4 _aEDUCACION RELIGIOSA
650 4 _aCATOLICISMO
650 4 _aEDUCACION CRISTIANA
650 4 _aEDUCACION COMUNITARIA
650 4 _aACTIVIDADES DE LA CLASE
650 4 _aLIBROS DE TEXTO
653 0 _aCONTENIDOS CURRICULARES
700 1 _aReinoso, Juan
700 1 _aSanz, María Celina
942 _cBK
998 _cme-calidad
999 _c20968
_d20968